Pensar la prueba : número 2 /
Guardado en:
| Autor Principal: | |
|---|---|
| Otros Autores: | , , , , , , , , |
| Formato: | Libro |
| Idioma: | Undetermined |
| Publicado: |
Ciudad Autónoma de Buenos Aires :
Editores del Sur,
2021.
|
| Edición: | 1a. ed. |
| Materias: | |
| Etiquetas: |
Agregar Etiqueta
Sin Etiquetas, Sea el primero en etiquetar este registro!
|
| LEADER | 01025nam a22003255a 4500 | ||
|---|---|---|---|
| 001 | DER.der014835 | ||
| 008 | 230919s2021####xx############000#0#und#d | ||
| 005 | 20230919161242.0 | ||
| 245 | 1 | 0 | |a Pensar la prueba : |b número 2 / |c Pablo Rovatti [et al]. |
| 250 | |a 1a. ed. | ||
| 260 | |a Ciudad Autónoma de Buenos Aires : |b Editores del Sur, |c 2021. | ||
| 300 | |a 246 p. | ||
| 020 | |a 9789878418223 | ||
| 100 | 1 | |a Rovatti, Pablo. | |
| 700 | 1 | |a Limardo, Alan, |e dir. | |
| 700 | 1 | |a González Lagier, Daniel, |e prol. | |
| 700 | 1 | |a Arena, Federico José. | |
| 700 | 1 | |a de Paula Ramos, Vitor. | |
| 700 | 1 | |a Di Corletto, Julieta. | |
| 700 | 1 | |a Giles, Alejo Joaquín. | |
| 700 | 1 | |a Ossola, Nicolás J. | |
| 700 | 1 | |a Lopardo, Mauro. | |
| 700 | 1 | |a Rimoldi, Florencia. | |
| 700 | 1 | |a Trotti, María Valeria. | |
| 700 | 1 | |a Limardo, Alan, |e dir. | |
| 650 | 7 | |a CONTROL RECURSIVO | |
| 650 | 7 | |a ACTOS IRREGULARES | |
| 650 | 7 | |a DISCRIMINACION INDIRECTA | |
| 650 | 7 | |a RAZONAMIENTO PROBATORIO | |
| 859 | |a DERECHO |b BIB. DERECHO |h 347.06 |i ROV |p 0010223 | ||
